000 00638nam a2200265Ia 4500
005 20260306153103.0
008 008 260114s9999 xx 000 0 eng d
020 _a9789814379779
037 _aEBOOK
040 _aCRL
040 _beng
040 _cCRL
041 _2eng
041 _aeng
084 _qCRL
100 _aLiu
245 0 _aOne Degree, Many Choices
250 _a1st ed
260 _bISEAS–Yusof Ishak Institute
260 _c2015
650 _aCommerce
856 _uhttps://www.cambridge.org/core/product/identifier/9789814379779/type/BOOK
942 _cEBOOK
999 _c1702127
_d1702127